[Event "Stuttgart-chB int"]
[Site "Gerlingen"]
[Date "2011.06.04"]
[Round "7"]
[White "Buechele, Markus"]
[Black "Hartmann, Anatoli"]
[Result "1-0"]
[WhiteElo "1783"]
[BlackElo "1697"]
[PlyCount "97"]
[EventDate "2011.06.02"]
[EventType "swiss"]
[EventRounds "7"]
[EventCountry "GER"]
[SourceTitle "EXT 2018"]
[Source "ChessBase"]
[SourceDate "2017.10.13"]
[SourceVersion "1"]
[SourceVersionDate "2017.10.13"]
[SourceQuality "1"]

1. d4 e6 2. Nf3 c6 3. Bg5 Be7 4. Bxe7 Qxe7 5. c3 d5 6. Nbd2 Nf6 7. Qc2 Nbd7 8. e3 b6 9. Be2 Bb7 10. 0-0 c5 11. Ne5 0-0 12. f4 Ne4 13. Nxd7 Qxd7 14. Nxe4 dxe4 15. dxc5 bxc5 16. Rad1 Qc7 17. Rd2 Rad8 18. Rfd1 Rxd2 19. Qxd2 g6 20. Qd7 Rc8 21. Bb5 Kg7 22. Kf2 a6 23. Qxc7 Rxc7 24. Rd7 Rxd7 25. Bxd7 Bd5 26. a3 Kf8 27. b4 cxb4 28. cxb4 Bb7 29. Ke2 Ke7 30. Ba4 h6 31. Kd2 f6 32. Kc3 Kd6 33. Be8 g5 34. g3 e5 35. fxg5 fxg5 36. Bf7 Bc8 37. Kc4 Bd7 38. Bg6 Bb5+ 39. Kc3 Bd3 40. Bf7 Kc7 41. Bc4 Kb6 42. Bxd3 exd3 43. Kxd3 Kb5 44. Kc3 Ka4 45. Kb2 a5 46. bxa5 Kxa5 47. Kc3 Ka4 48. Kd3 Kxa3 49. Ke4 1-0

[Event "Stuttgart-chB int"]
[Site "Gerlingen"]
[Date "2011.06.04"]
[Round "6"]
[White "Burkhardt, Adrian"]
[Black "Buechele, Markus"]
[Result "1/2-1/2"]
[WhiteElo "1714"]
[BlackElo "1783"]
[PlyCount "52"]
[EventDate "2011.06.02"]
[EventType "swiss"]
[EventRounds "7"]
[EventCountry "GER"]
[SourceTitle "EXT 2018"]
[Source "ChessBase"]
[SourceDate "2017.10.13"]
[SourceVersion "1"]
[SourceVersionDate "2017.10.13"]
[SourceQuality "1"]

1. e4 d5 2. exd5 Qxd5 3. Nc3 Qa5 4. Nf3 Bf5 5. d4 c6 6. Bd2 e6 7. Bc4 Nf6 8. 0-0 Nbd7 9. a3 Qc7 10. h3 h5 11. Re1 0-0-0 12. Bg5 Nb6 13. Bb3 Be7 14. Ne5 Rhf8 15. Ne2 Nfd5 16. Bxe7 Qxe7 17. Ng3 g6 18. c3 Qg5 19. Nf3 Qf6 20. Qc1 h4 21. Nxf5 gxf5 22. Qg5 Rh8 23. c4 Rdg8 24. Qxf6 Nxf6 25. Kh2 Ne4 26. Re2 Rd8 1/2-1/2

[Event "Stuttgart-chB int"]
[Site "Gerlingen"]
[Date "2011.06.02"]
[Round "1"]
[White "Buechele, Markus"]
[Black "Fischer, Mark"]
[Result "1-0"]
[WhiteElo "1783"]
[BlackElo "1552"]
[PlyCount "127"]
[EventDate "2011.06.02"]
[EventType "swiss"]
[EventRounds "7"]
[EventCountry "GER"]
[SourceTitle "EXT 2018"]
[Source "ChessBase"]
[SourceDate "2017.10.13"]
[SourceVersion "1"]
[SourceVersionDate "2017.10.13"]
[SourceQuality "1"]

1. d4 Nf6 2. Nf3 g6 3. Bg5 Bg7 4. Nbd2 d6 5. e4 Nc6 6. c3 Bd7 7. Be2 e5 8. dxe5 Nxe5 9. 0-0 0-0 10. Nd4 Qe8 11. Qc2 a6 12. Rad1 Nc6 13. f4 Rc8 14. Bd3 Nxd4 15. cxd4 Bb5 16. f5 Qc6 17. Qxc6 Bxc6 18. fxg6 fxg6 19. Nf3 Nd7 20. Bc4+ Kh8 21. Be6 Rce8 22. d5 Nc5 23. dxc6 Nxe6 24. cxb7 Rb8 25. b3 Rxb7 26. Be3 Rbb8 27. Rc1 Rbe8 28. Rc6 a5 29. Rfc1 Rf7 30. Ra6 Nf4 31. Bxf4 Rxf4 32. Rxc7 Rfxe4 33. Rc1 Bh6 34. Rd1 Be3+ 35. Kf1 Bc5 36. Re1 Rxe1+ 37. Nxe1 Rf8+ 38. Nf3 Bb4 39. Ke2 Rc8 40. Nd4 Kg8 41. Nc6 Kf8 42. Nxb4 axb4 43. Rxd6 Rc2+ 44. Rd2 Rc7 45. g4 g5 46. Kf3 Kf7 47. Ke4 Ke6 48. Rd4 Rf7 49. Ke3 Rb7 50. Rc4 Kd5 51. Kf2 Rb6 52. Rc7 h6 53. Rc4 Rf6+ 54. Kg3 Rb6 55. h4 Rb7 56. hxg5 hxg5 57. Kf2 Rb6 58. Ke3 Re6+ 59. Kd3 Rb6 60. Rc8 Ra6 61. Rg8 Rxa2 62. Rxg5+ Kc6 63. Kc4 Ra7 64. Rg6+ 1-0

[Event "Stuttgart-chB int"]
[Site "Gerlingen"]
[Date "2007.05.19"]
[Round "6"]
[White "Buechele, Markus"]
[Black "Mayer, Markus1111"]
[Result "1-0"]
[WhiteElo "1766"]
[BlackElo "1572"]
[PlyCount "33"]
[EventDate "2007.05.17"]
[EventType "swiss"]
[EventRounds "7"]
[EventCountry "GER"]
[SourceTitle "EXT 2018"]
[Source "ChessBase"]
[SourceDate "2017.10.13"]
[SourceVersion "1"]
[SourceVersionDate "2017.10.13"]
[SourceQuality "1"]

1. d4 d5 2. Nf3 Nf6 3. e3 Bg4 4. c4 e6 5. Qb3 b6 6. Ne5 Bd6 7. cxd5 exd5 8. Bb5+ Bd7 9. Nc3 c6 10. Be2 0-0 11. Qd1 Qc7 12. f4 Bf5 13. 0-0 Be4 14. Bd2 Nbd7 15. Rc1 c5 16. g4 cxd4 17. Nxe4 1-0

[Event "Stuttgart-chB int"]
[Site "Gerlingen"]
[Date "2007.05.17"]
[Round "1"]
[White "Buechele, Markus"]
[Black "Schmidt, Heiko"]
[Result "1/2-1/2"]
[WhiteElo "1766"]
[BlackElo "1368"]
[PlyCount "119"]
[EventDate "2007.05.17"]
[EventType "swiss"]
[EventRounds "7"]
[EventCountry "GER"]
[SourceTitle "EXT 2018"]
[Source "ChessBase"]
[SourceDate "2017.10.13"]
[SourceVersion "1"]
[SourceVersionDate "2017.10.13"]
[SourceQuality "1"]

1. d4 d6 2. Nf3 g6 3. Bg5 Bg7 4. Nbd2 c5 5. e3 Nc6 6. c3 Nh6 7. Be2 0-0 8. a4 Kh8 9. 0-0 cxd4 10. exd4 f6 11. Bxh6 Bxh6 12. b4 e6 13. Qc2 Ne7 14. Rae1 b6 15. Bd3 f5 16. Re2 Nd5 17. g3 Qc7 18. Bc4 Nxc3 19. Qxc3 d5 20. Rc1 dxc4 21. Qxc4 Qd7 22. Qc6 Qxc6 23. Rxc6 Bd7 24. Rc7 Bxa4 25. Rxe6 Rfc8 26. Ree7 Rxc7 27. Rxc7 Bf8 28. Nc4 Bxb4 29. Nce5 Kg8 30. Ng5 Bd6 31. Rxh7 Bxe5 32. dxe5 Be8 33. Rb7 b5 34. Ne6 Bc6 35. Rg7+ Kh8 36. Rxg6 Be4 37. Nc7 Rb8 38. Kf1 b4 39. Na6 Bd3+ 40. Ke1 Bxa6 41. Rxa6 b3 42. Ra1 b2 43. Rb1 a5 44. e6 a4 45. Kd2 a3 46. Kc2 Kg7 47. e7 Kf7 48. e8Q+ Kxe8 49. Re1+ Kf7 50. Kb1 Kg6 51. Ka2 Kg5 52. h3 f4 53. Rb1 fxg3 54. fxg3 Ra8 55. Rf1 Rb8 56. Kb1 Rb6 57. Ka2 Rb5 58. Rb1 Ra5 59. Rh1 Rb5 60. Rb1 1/2-1/2